000 00334nam a2200133Ia 4500
008 220120s9999||||xx |||||||||||||| ||und||
082 _a621.8 RAT
100 _aRattan, S.S
245 0 _aTheory of machines
250 _a3rd
260 _aTata mcgraw hill company Ltd.
_bNew Delhi
_c2011
300 _a499
_b145
650 _aHUMANITIES
999 _c132789
_d132789